Statistics for Ancient history: Augustus - dates

Click here to take the quiz!

General Stats

  • This quiz has been taken 15 times
  • The average score is 7 of 12

Answer Stats

QuestionAnswer% Correct
When was the Battle of Actium?31BCE
100%
When was the 2nd triumvirate formed?43BCE
100%
When was Caesar assassinated?44BCE
100%
When did Augustus die?14CE
75%
When was the 2nd Settlement?23BCE
75%
When was the 1st Settlement?27BCE
75%
When did he adopt gaius and Lucius?17BCE
50%
When did Parthia return the standards?20BCE
50%
When was the Birth of Gaius Octavius?63BCE
50%
When was the tutoburg disaster?9BCE
50%
When was Julia and Tiberius forced to marry?11BCE
25%
When was Augustus promoted to patrician?45BCE
0%
When did Julius Caesar speak at his aunts funeral?51BCE
0%

Score Distribution

Percentile by Number Answered

Percent of People with Each Score

Your Score History

You have not taken this quiz